LABOUR AND INDUSTRIAL LAWS (Record no. 8435)

MARC details
000 -LEADER
fixed length control field 00437nam a22001817a 4500
005 - DATE AND TIME OF LATEST TRANSACTION
control field 20231031165335.0
008 - FIXED-LENGTH DATA ELEMENTS--GENERAL INFORMATION
fixed length control field 231031b |||||||| |||| 00| 0 eng d
020 ## - INTERNATIONAL STANDARD BOOK NUMBER
ISBN 978-93-88267-30-4
041 ## - LANGUAGE CODE
Language code of text/sound track or separate title eng
082 ## - DEWEY DECIMAL CLASSIFICATION NUMBER
Classification number 343.07
100 ## - MAIN ENTRY--AUTHOR NAME
Personal name MISRA, SURYA NARAYAN
245 ## - TITLE STATEMENT
Title LABOUR AND INDUSTRIAL LAWS
250 ## - EDITION STATEMENT
Edition statement 29TH, ED.
260 ## - PUBLICATION, DISTRIBUTION, ETC. (IMPRINT)
Place of publication ALLAHABAD
Name of publisher CENTRAL LAW PUBLICATION
300 ## - PHYSICAL DESCRIPTION
Number of Pages 1220;p
650 ## - SUBJECT ADDED ENTRY--TOPICAL TERM
Topical Term LAW
942 ## - ADDED ENTRY ELEMENTS (KOHA)
Koha item type Books
Holdings
Lost status Damaged status Collection code Home library Current library Shelving location Date acquired Source of acquisition Cost, normal purchase price Full call number Accession Number Koha item type
    Reference JRU Library JRU Library SHELF-1-C 31/10/2023 PURCHASE [LBI] 890.00 343.07 27987 Books
    LAW JRU Library JRU Library SHELF- 67 D 31/10/2023 PURCHASE [LBI] 890.00 343.07 27988 Books
    LAW JRU Library JRU Library SHELF- 67 D 31/10/2023 PURCHASE [LBI] 890.00 343.07 27989 Books
    LAW JRU Library JRU Library SHELF- 67 D 31/10/2023 PURCHASE [LBI] 890.00 343.07 27990 Books
    LAW JRU Library JRU Library SHELF- 67 D 31/10/2023 PURCHASE [LBI] 890.00 343.07 27991 Books